Statistiques concernant Départements français doublement enclavés

Cliquez ici pour prendre le quiz!

Statistiques générales

  • Ce quiz a été pris 45 fois
  • Le résultat moyen est 21 sur 24

Réponses sur la Carte

Les réponses sont colorées sur une échelle allant du rouge au vert en fonction du pourcentage des utilisateurs qui les ont devinées à leur premier essai. Vous pouvez retrouver ces pourcentages ci-dessous.
 

Statistiques - réponses

Réponse% Correct
Creuse
96%
Paris
96%
Cantal
93%
Corrèze
93%
Loire
93%
Loiret
93%
Aube
91%
Allier
89%
Cher
89%
Loir-et-Cher
89%
Puy-de-Dôme
89%
Vienne
89%
Essonne
87%
Haute-Loire
87%
Haute-Vienne
87%
Hauts-de-Seine
87%
Indre
87%
Seine-Saint-Denis
87%
Val-de-Marne
87%
Yonne
87%
Indre-et-Loire
84%
Nièvre
84%
Lot
80%
Sarthe
78%

Distribution des résultats

Percentile par nombre de réponses

% des personnes avec chaque résultat

Votre développement - résultats

Vous n’avez pas pris ce quiz